000 00909nam a2200193Ia 4500
008 090124s9999 xx 000 0 und d
082 _b129763
100 _a"गाला धीरेन,गाला ध.रा.,गाला संजय"
245 _a मधुमेह व उच्च रक्तदाब दूर ठेवा जन्मभर !
250 _a0
260 _c1999
300 _a163
600 _a"गाला धीरेन,गाला ध.रा.,गाला संजय"
630 _a मधुमेह व उच्च रक्तदाब दूर ठेवा जन्मभर !
700 _a"गाला धीरेन,गाला ध.रा.,गाला संजय"
700 _aजोशी कुमुद
730 _a मधुमेह व उच्च रक्तदाब दूर ठेवा जन्मभर !
942 _cBOOK
999 _c175852
_d175852